000 00869cam a22002411 4500
001 pa 67000008
003 DLC
005 20260227111857.0
008 770407s1967 dcu 000 0 spa c
010 _apa 67000008
035 _a(OCoLC)2869253
040 _aPan American Union.
_cTx
_dOCoLC
_dDLC
042 _apremarc
050 0 0 _aZ695
_b.R683
100 1 _aRovira, Carmen.
245 1 0 _aLista de encabezamientos de materia para bibliotecas.
_cCompilada por Carmen Rovira y Jorge Aguayo.
260 _aWashington,
_bUnión Panamericana,
_c1967.
300 _a3 v.
_c28 cm.
410 2 0 _aColumbus Memorial Library.
_tManuales del bibliotecario,
_vno. 6
505 0 _av. 1. A-H.--v. 2. I-Z.--v. 3. Indice de los encabezamientos en inglés y sus equivalentes en español.
650 0 _aSubject headings, Spanish.
700 1 _aAguayo, Jorge,
_d1903-
_ejoint author.
999 _c51602
_d51602